00999nam a2200241Ia 4500001000600000003000900006008004100015040001300056040001300069041001300082100002200095100002900117245003900146245006100185250001100246260001100257260001500268260004900283300005700332500031500389650002200704650003100726H5770IT-RoPAU130308s9999 xx 000 0 und d aIT-RoPAU cIT-RoPAU aITALIANO aSimonelli Giorgio gCodice Aut. SPICS: 14747 aOtto film e mezzo sul telegiornale bSpeciale Tg. forme e Tecniche del Giornalismo Televisivo a4a ed. aNOVARA bInterlinea c2005 [1° Ed.:1997 - Ed.Ling.Originale:1997] a"8 p. (prefazione: no ; testo: 8 [pagine: 321-328])" aQuinto Potere (1976). Obiettivo Mortale (1982). Grog (1982). Dentro la notizia (1987). Mad City, Assalto Alla notizia (1997). La seconda Guerra Civile Americana (1997). Sesso e Potere (1997). Insider Dietro la Verità€ (1999). I complessi (1965) terzo Episodio: Guglielmo Il Dentone di Luigi Filippo D'Amico. aGENERI TELEVISIVI eCodice materia Spics: 6960